सबके लिए स्वास्थ्य / (Record no. 197637)

MARC details
000 -LEADER
fixed length control field 00828nam a22002177a 4500
005 - DATE AND TIME OF LATEST TRANSACTION
control field 20230828172416.0
010 ## - LCCN (DPL NO)
LC control number HIN-125693
020 ## - INTERNATIONAL STANDARD BOOK NUMBER
Terms of availability 395.00
International Standard Book Number 9789392651038
035 ## - SYSTEM CONTROL NUMBER
System control number HN-98039
037 ## - SOURCE OF ACQUISITION
Source of stock number/acquisition DBAD/PUB
082 ## - DEWEY DECIMAL CLASSIFICATION NUMBER
Classification number 613
100 ## - MAIN ENTRY--PERSONAL NAME
Personal name गर्ग, सी एल
245 ## - TITLE STATEMENT
Title सबके लिए स्वास्थ्य /
Statement of responsibility, etc गर्ग, सी एल और राजीव गर्ग
260 ## - PUBLICATION, DISTRIBUTION, ETC. (IMPRINT)
Name of publisher, distributor, etc साहित्य भारती
Date of publication, distribution, etc 2021
Place of publication, distribution, etc नई दिल्ली
270 ## - ADDRESS
Address के -71 कृष्णा नगर
City नई दिल्ली
Postal code 110051
300 ## - PHYSICAL DESCRIPTION
Extent 139 पृ.
Dimensions 23 सेमी(सजिल्द )
650 ## - SUBJECT ADDED ENTRY--TOPICAL TERM
General subdivision
Geographic subdivision
650 ## - SUBJECT ADDED ENTRY--TOPICAL TERM
Form subdivision
700 ## - ADDED ENTRY--PERSONAL NAME
Personal name गायत्री
9 (RLIN) 55383
942 ## - ADDED ENTRY ELEMENTS (KOHA)
Source of classification or shelving scheme Dewey Decimal Classification
Item type Hindi Books
Classification part 613
Call number suffix गर्गस
Holdings
Withdrawn status Lost status Not for loan Collection code Home library Current library Date acquired Source of acquisition Cost, normal purchase price Full call number Barcode Copy number Cost, replacement price Koha item type
      Non-fiction Bawana Bawana 28/08/2023 DBAD/PUB 395.00 613 गर्गस HN-98039 1 395.00 Hindi Books

© Delhi Public Library
Hit Counter
free hit counter